000 00544nam a22001817a 4500
005 20251108171221.0
008 250721s1980 xx 000 0 ara d
082 1 4 _a210.4326/عبد
100 1 _aعلوان، عبد الله
245 1 0 _aنظام الرق في الإسلام /
264 1 _aبيروت، حلب :
_bدار السلام للطباعة،
_c1980.
300 _a98ص
490 0 _aبحوث إسلامية هامه ؛ 18
650 1 7 _aالإسلامو الرق
650 1 7 _aالرق
942 _2ddc
_cBK
999 _c59575
_d59575